[Event "XXII Torneo di Capodanno"]
[Site "Reggio nell'Emilia ITA"]
[Date "1979.12.??"]
[Round "1"]
[White "Chevaldonnet, Francois"]
[Black "Cappello, Renato"]
[Result "1/2-1/2"]
[WhiteElo "2345"]
[BlackElo "2405"]
[PlyCount "49"]
[EventDate "1979.12.27"]

1. e4 e5 2. Nf3 d6 3. d4 Nd7 4. Bc4 c6 5. Nc3 Be7 6. dxe5 dxe5 7. Ng5 Bxg5 8.
Qh5 g6 9. Qxg5 Qxg5 10. Bxg5 Nc5 11. O-O-O Be6 12. Be3 Bxc4 13. Bxc5 Nf6 14.
Rd6 Nd7 15. Be3 Be6 16. Rhd1 Ke7 17. Na4 Rhc8 18. Nc5 Nxc5 19. Bxc5 b6 20. Rd7+
Kf6 21. Be7+ Kg7 22. R7d6 Re8 23. Bh4 Rac8 24. R1d3 f6 25. f3 1/2-1/2

[Event "XXII Torneo di Capodanno"]
[Site "Reggio nell'Emilia ITA"]
[Date "1979.12.??"]
[Round "1"]
[White "Cramling, Dan"]
[Black "Adamski, Jan"]
[Result "1/2-1/2"]
[WhiteElo "2355"]
[BlackElo "2415"]
[PlyCount "56"]
[EventDate "1979.12.27"]

1. c4 Nf6 2. Nf3 c5 3. d4 cxd4 4. Nxd4 Nc6 5. Nc3 e6 6. g3 Bc5 7. Nb3 Be7 8.
Bg2 a6 9. O-O d6 10. Bf4 Nh5 11. Be3 Nf6 12. Na4 Nd7 13. Rc1 O-O 14. Nd4 Qc7
15. Nc3 Nce5 16. b3 Nf6 17. h3 Bd7 18. f4 Ng6 19. Bf2 e5 20. Nd5 Nxd5 21. cxd5
Qd8 22. f5 Nh8 23. Ne6 fxe6 24. dxe6 Bc6 25. e4 Bg5 26. Rc2 Qe7 27. Bb6 Rac8
28. a4 Bh6 1/2-1/2

[Event "XXII Torneo di Capodanno"]
[Site "Reggio nell'Emilia ITA"]
[Date "1979.12.??"]
[Round "1"]
[White "Danner, Georg"]
[Black "Kochyev, Alexander V."]
[Result "1/2-1/2"]
[WhiteElo "2335"]
[BlackElo "2545"]
[PlyCount "57"]
[EventDate "1979.12.27"]

1. d4 Nf6 2. c4 e6 3. Nc3 Bb4 4. e3 O-O 5. Bd3 d5 6. Nf3 c5 7. O-O dxc4 8. Bxc4
Nbd7 9. Qe2 a6 10. a3 Ba5 11. Bd3 b5 12. b4 cxb4 13. axb4 Bxb4 14. Nxb5 Bb7 15.
Ba3 Bxa3 16. Nxa3 Nd5 17. Qd2 N5b6 18. e4 a5 19. Rfc1 Nf6 20. Qf4 a4 21. Rc3
Ba6 22. Nb5 Bxb5 23. Bxb5 Qe7 24. Rc6 Qb7 25. Qc7 Qxc7 26. Rxc7 Rfc8 27. Rb7
Rab8 28. Rxb8 Rxb8 29. Bd3 1/2-1/2

[Event "XXII Torneo di Capodanno"]
[Site "Reggio nell'Emilia ITA"]
[Date "1979.12.??"]
[Round "1"]
[White "Velikov, Petar V."]
[Black "Lengyel, Levente"]
[Result "1-0"]
[WhiteElo "2440"]
[BlackElo "2455"]
[PlyCount "159"]
[EventDate "1979.12.27"]

1. e4 e5 2. Nf3 Nc6 3. Bb5 a6 4. Bxc6 dxc6 5. O-O f6 6. d4 Bg4 7. dxe5 Qxd1 8.
Rxd1 fxe5 9. Rd3 Bd6 10. Nbd2 Nf6 11. b3 O-O-O 12. Bb2 Rhe8 13. Rd1 b5 14. h3
Bd7 15. Re1 Nh5 16. Nf1 Nf4 17. Rdd1 Re7 18. Ne3 Rf8 19. Nh2 Bb4 20. c3 Bc5 21.
Rd2 Ng6 22. b4 Bxe3 23. Rxe3 Be6 24. Bc1 Bc4 25. Re1 Rd7 26. Rxd7 Kxd7 27. Be3
Ra8 28. a3 a5 29. Nf3 axb4 30. axb4 h6 31. h4 Ke6 32. h5 Nf8 33. Nh4 Kf6 34.
Nf5 Ne6 35. f3 Ra3 36. Rd1 Rxc3 37. Bf2 Rd3 38. Ra1 c5 39. bxc5 b4 40. Ne3 Ra3
41. Rb1 Rb3 42. Ng4+ Kg5 43. Be3+ Kxh5 44. Rxb3 Bxb3 45. Nxe5 Nf8 46. Bd2 Be6
47. Bxb4 Nd7 48. Nc6 Kg6 49. Kf2 Kf7 50. Ke3 Bc4 51. Nd4 Bf1 52. g3 g6 53. Kf2
Bc4 54. c6 Nb8 55. Bd2 h5 56. Ke3 Kf6 57. Ba5 Na6 58. Kf4 g5+ 59. Ke3 h4 60.
gxh4 gxh4 61. Kf4 h3 62. Kg3 Ke5 63. Bc3 Bf1 64. Ne2+ Kd6 65. Nf4 Kxc6 66. Nxh3
Nc5 67. Ng5 Na4 68. Bf6 Kd7 69. Kf2 Bc4 70. Ke3 Ba2 71. Ba1 c5 72. f4 Nb6 73.
f5 Ke8 74. Kf4 Bg8 75. e5 Nd5+ 76. Ke4 Nc7 77. e6 Nxe6 78. fxe6 Bxe6 79. Nxe6
Kd7 80. Nxc5+ 1-0

[Event "XXII Torneo di Capodanno"]
[Site "Reggio nell'Emilia ITA"]
[Date "1979.12.??"]
[Round "1"]
[White "Wagman, Stuart"]
[Black "Portisch, Ferenc"]
[Result "1/2-1/2"]
[WhiteElo "2315"]
[BlackElo "2475"]
[PlyCount "49"]
[EventDate "1979.12.27"]

1. e4 e6 2. d4 d5 3. Nc3 Bb4 4. e5 Ne7 5. Nf3 c5 6. a3 Bxc3+ 7. bxc3 Bd7 8. a4
Qa5 9. Bd2 Nbc6 10. g3 Rc8 11. Bh3 Qa6 12. a5 Nd8 13. dxc5 Rxc5 14. Nd4 Rxa5
15. Rxa5 Qxa5 16. O-O Qc5 17. Qa1 Nec6 18. Be3 Qc4 19. Re1 Nxd4 20. Bxd4 a6 21.
Qa3 Qa4 22. Qd6 Qc6 23. Qa3 Qa4 24. Qd6 Qc6 25. Qa3 1/2-1/2

[Event "XXII Torneo di Capodanno"]
[Site "Reggio nell'Emilia ITA"]
[Date "1979.12.??"]
[Round "2"]
[White "Adamski, Jan"]
[Black "Karaklajic, Nikola"]
[Result "1/2-1/2"]
[WhiteElo "2415"]
[BlackElo "2460"]
[PlyCount "28"]
[EventDate "1979.12.27"]

1. c4 c6 2. e4 d5 3. exd5 cxd5 4. d4 Nf6 5. Nc3 e6 6. Nf3 Bb4 7. Bd3 dxc4 8.
Bxc4 O-O 9. O-O b6 10. Ne5 Bb7 11. Bg5 Bxc3 12. bxc3 Nbd7 13. Nxd7 Qxd7 14.
Bxf6 gxf6 1/2-1/2

[Event "XXII Torneo di Capodanno"]
[Site "Reggio nell'Emilia ITA"]
[Date "1979.12.??"]
[Round "2"]
[White "Cramling, Dan"]
[Black "Hess, Ralf Ernest"]
[WhiteElo "2355"]
[BlackElo "2335"]
[Result "0-1"]
[PlyCount "60"]
[EventDate "1979.12.27"]

1. c4 Nf6 2. Nc3 e6 3. e4 e5 4. Nf3 Nc6 5. d4 exd4 6. Nxd4 Bb4 7. f3 O-O 8. Be3
Re8 9. Qd2 Bxc3 10. Qxc3 Nxe4 11. fxe4 Qh4+ 12. Kd2 Nxd4 13. Qxd4 Rxe4 14. Qc3
d5 15. cxd5 Bf5 16. g3 Qe7 17. Bg2 Rd8 18. Bxe4 Qxe4 19. Rhe1 Qxd5+ 20. Kc1 h6
21. b3 Rd6 22. Kb2 Qg2+ 23. Ka3 Ra6+ 24. Kb4 Qe4+ 25. Qc4 Qe5 26. Bc5 Qb2 27.
a4 Rc6 28. Re8+ Kh7 29. Qxf7 a5+ 30. Kxa5 Qc3+ 0-1

[Event "XXII Torneo di Capodanno"]
[Site "Reggio nell'Emilia ITA"]
[Date "1979.12.??"]
[Round "2"]
[White "Lengyel, Levente"]
[Black "Chevaldonnet, Francois"]
[Result "1-0"]
[WhiteElo "2455"]
[BlackElo "2345"]
[PlyCount "54"]
[EventDate "1979.12.27"]

1. Nf3 Nf6 2. g3 g6 3. b3 Bg7 4. Bb2 O-O 5. Bg2 c5 6. c4 Nc6 7. O-O b6 8. d4
cxd4 9. Nxd4 Bb7 10. Nc3 Qb8 11. Nc2 Na5 12. Nd5 Nxd5 13. Bxg7 Kxg7 14. cxd5
Rc8 15. Qd4+ f6 16. Ne3 Qc7 17. Qa4 a6 18. Bh3 b5 19. Qa3 Qd8 20. Qb4 Rab8 21.
Qg4 d6 22. Qd4 Rc7 23. Ng2 Bc8 24. Bxc8 Rcxc8 25. Nf4 Kf7 26. Ne6 Qd7 27. Qd2
Kg8 1-0

[Event "XXII Torneo di Capodanno"]
[Site "Reggio nell'Emilia ITA"]
[Date "1979.12.??"]
[Round "3"]
[White "Hess, Ralf Ernest"]
[Black "Adamski, Jan"]
[Result "1/2-1/2"]
[WhiteElo "2335"]
[BlackElo "2415"]
[PlyCount "41"]
[EventDate "1979.12.27"]

1. c4 Nf6 2. Nc3 c5 3. g3 e6 4. Nf3 d5 5. cxd5 Nxd5 6. Bg2 Nc6 7. O-O Nf6 8. b3
Be7 9. Bb2 O-O 10. Rc1 Qa5 11. Na4 Rd8 12. Qc2 Nd5 13. a3 b6 14. Nc3 Bd7 15.
Nxd5 exd5 16. d4 Rac8 17. dxc5 bxc5 18. Rfd1 Be6 19. e3 Qb6 20. Nd2 h6 21. Rb1
1/2-1/2

[Event "XXII Torneo di Capodanno"]
[Site "Reggio nell'Emilia ITA"]
[Date "1979.12.??"]
[Round "3"]
[White "Karaklajic, Nikola"]
[Black "Portisch, Ferenc"]
[Result "1/2-1/2"]
[WhiteElo "2460"]
[BlackElo "2475"]
[PlyCount "126"]
[EventDate "1979.12.27"]

1. e4 e6 2. d4 d5 3. Nc3 Bb4 4. exd5 exd5 5. Bd3 Nc6 6. Nge2 Nge7 7. O-O O-O 8.
a3 Bd6 9. Nb5 Bf5 10. Nxd6 Qxd6 11. Bf4 Qd7 12. c3 Nd8 13. Nc1 Ne6 14. Bg3 Bxd3
15. Nxd3 Nf5 16. Ne5 Qe7 17. Re1 Nxg3 18. hxg3 f6 19. Nd3 Qf7 20. Re3 c6 21.
Qe2 Rfe8 22. Re1 Nc7 23. Re7 Rxe7 24. Qxe7 Re8 25. Qd6 Rxe1+ 26. Nxe1 Qe6 27.
Qxc7 Qxe1+ 28. Kh2 Qe8 29. f3 Qe3 30. Qc8+ Kf7 31. Qxb7+ Kg6 32. Qd7 Qh6+ 33.
Qh3 Qg5 34. Qh4 Qf5 35. Qf4 Qd7 36. b3 h5 37. c4 Qb7 38. Qe3 Kf7 39. c5 Qa6 40.
Qf4 Kg6 41. Qc7 Kh6 42. a4 Kh7 43. Qd7 Kh6 44. Qe8 Qb7 45. f4 Qxb3 46. f5 Kh7
47. Qxh5+ Kg8 48. Qe8+ Kh7 49. Qxc6 Qc4 50. Qe8 Qxd4 51. Qh5+ Kg8 52. c6 Qc3
53. Qe8+ Kh7 54. g4 Qc1 55. Kh3 d4 56. Qe4 Qa3+ 57. g3 Qc1 58. g5 Qxg5 59. Qc2
Qe3 60. c7 d3 61. Qc3 Qe4 62. c8=Q Qh1+ 63. Kg4 Qe4+ 1/2-1/2

[Event "XXII Torneo di Capodanno"]
[Site "Reggio nell'Emilia ITA"]
[Date "1979.12.??"]
[Round "3"]
[White "Velikov, Petar V."]
[Black "Cramling, Dan"]
[Result "1-0"]
[WhiteElo "2440"]
[BlackElo "2355"]
[PlyCount "49"]
[EventDate "1979.12.27"]

1. d4 Nf6 2. Nf3 e6 3. Bg5 h6 4. Bxf6 Qxf6 5. e4 d6 6. Nc3 g6 7. Bd3 Bg7 8. Qe2
Nd7 9. O-O-O a6 10. Rhe1 e5 11. Nd5 Qd8 12. dxe5 dxe5 13. h4 c6 14. Ne3 h5 15.
Bc4 b5 16. Bb3 Qe7 17. Ng5 O-O 18. Nf5 gxf5 19. Rxd7 Qxd7 20. Rd1 Bh6 21. Qxh5
Kg7 22. Rxd7 Bxd7 23. Kb1 fxe4 24. Bxf7 Kh8 25. Qxh6# 1-0

[Event "XXII Torneo di Capodanno"]
[Site "Reggio nell'Emilia ITA"]
[Date "1979.12.??"]
[Round "3"]
[White "Wagman, Stuart"]
[Black "Cappello, Renato"]
[WhiteElo "2315"]
[BlackElo "2405"]
[Result "1/2-1/2"]
[PlyCount "100"]
[EventDate "1979.12.27"]

1. e4 e5 2. Nf3 Nc6 3. Bb5 a6 4. Bxc6 dxc6 5. O-O Bg4 6. h3 h5 7. d3 Qf6 8.
Nbd2 Ne7 9. Re1 Ng6 10. d4 Bd6 11. hxg4 hxg4 12. Nh2 Rxh2 13. Qxg4 Qh4 14. Qxh4
Rxh4 15. Nf3 Rh5 16. Be3 O-O-O 17. Rad1 Re8 18. g3 f6 19. Kg2 b6 20. dxe5 Nxe5
21. Bd4 Nxf3 22. Kxf3 c5 23. Be3 Kb7 24. Bf4 Kc6 25. Rd5 f5 26. Rdd1 Bxf4 27.
Kxf4 Rf8 28. e5 g5+ 29. Kf3 Re8 30. e6 Rh6 31. Re5 Rhxe6 32. Rxf5 Re2 33. Rc1
Rd2 34. Kg4 Rg8 35. Rxg5 Rxg5+ 36. Kxg5 Rxf2 37. g4 c4 38. Kg6 Kb5 39. g5 c3
40. bxc3 Kc4 41. Rg1 Kxc3 42. Kh7 Kxc2 43. g6 Rh2+ 44. Kg8 c5 45. g7 Rd2 46.
Kf7 Rd8 47. g8=Q Rxg8 48. Rxg8 c4 49. Ke6 c3 50. Kd5 Kb1 1/2-1/2

[Event "XXII Torneo di Capodanno"]
[Site "Reggio nell'Emilia ITA"]
[Date "1979.12.??"]
[Round "4"]
[White "Adamski, Jan"]
[Black "Portisch, Ferenc"]
[Result "1/2-1/2"]
[WhiteElo "2415"]
[BlackElo "2475"]
[PlyCount "96"]
[EventDate "1979.12.27"]

1. c4 g6 2. d4 Nf6 3. Nc3 Bg7 4. e4 d6 5. Be2 O-O 6. Bg5 Nbd7 7. Qd2 e5 8. Nf3
exd4 9. Nxd4 Re8 10. f3 Nc5 11. Rd1 h6 12. Be3 Qe7 13. O-O Kh7 14. b4 Ncd7 15.
Ndb5 Ne5 16. c5 Be6 17. cxd6 cxd6 18. Qxd6 Qxd6 19. Nxd6 Re7 20. Rd2 Ne8 21.
Nxe8 Rexe8 22. Nb5 Rec8 23. Nd6 Rc3 24. Kf2 Ra3 25. Nxb7 Rb8 26. Nc5 Bc4 27.
Rc1 Rxb4 28. Rcc2 Bxe2 29. Kxe2 Nc4 30. Rd3 Nxe3 31. Rxe3 Rxe3+ 32. Kxe3 Bd4+
33. Kd3 Be5 34. g3 g5 35. Nb3 Ra4 36. Ke3 Bd6 37. Rc6 Bf8 38. Rc2 Kg7 39. f4
gxf4+ 40. gxf4 Be7 41. Nd4 Bd8 42. Nf5+ Kh7 43. e5 Bb6+ 44. Kf3 Kg6 45. Ne7+
Kg7 46. Nd5 Bd4 47. Rg2+ Kf8 48. Kg4 Bxe5 1/2-1/2

[Event "XXII Torneo di Capodanno"]
[Site "Reggio nell'Emilia ITA"]
[Date "1979.12.??"]
[Round "4"]
[White "Cramling, Dan"]
[Black "Chevaldonnet, Francois"]
[Result "1-0"]
[WhiteElo "2355"]
[BlackElo "2345"]
[PlyCount "81"]
[EventDate "1979.12.27"]

1. c4 Nf6 2. Nc3 g6 3. e4 d6 4. d4 Bg7 5. Nf3 O-O 6. Be2 e5 7. O-O Nc6 8. d5
Ne7 9. Ne1 Nd7 10. Nd3 f5 11. Bd2 Nf6 12. f3 f4 13. c5 g5 14. Rc1 Ng6 15. cxd6
cxd6 16. Nb5 Rf7 17. Qc2 Ne8 18. a4 h5 19. Nf2 Bd7 20. Qb3 Bf8 21. h3 Nh4 22.
Rc2 Rg7 23. Rfc1 Kh8 24. a5 Bxb5 25. Qxb5 Nf6 26. a6 Rb8 27. Ba5 b6 28. Be1 Kg8
29. Qd3 Qd7 30. Rc6 Re8 31. Bb4 g4 32. fxg4 hxg4 33. Nxg4 Nxg4 34. Bxg4 Nxg2
35. Kxg2 Rxg4+ 36. hxg4 Qxg4+ 37. Kf2 Be7 38. Qf3 Qh4+ 39. Ke2 Qh2+ 40. Kd3
Qxb2 41. Qg4+ 1-0

[Event "XXII Torneo di Capodanno"]
[Site "Reggio nell'Emilia ITA"]
[Date "1979.12.??"]
[Round "4"]
[White "Hess, Ralf Ernest"]
[Black "Velikov, Petar V."]
[WhiteElo "2335"]
[BlackElo "2440"]
[Result "0-1"]
[PlyCount "146"]
[EventDate "1979.12.27"]

1. d4 Nf6 2. c4 e6 3. Nc3 d5 4. Bg5 Be7 5. e3 O-O 6. Nf3 Nbd7 7. cxd5 exd5 8.
Bd3 c6 9. Qc2 Re8 10. O-O Nf8 11. h3 Bd6 12. e4 dxe4 13. Nxe4 Be7 14. Nc3 Be6
15. Rfe1 h6 16. Bd2 Nd5 17. a3 Qc7 18. Ne5 Rad8 19. Rad1 Nf6 20. Bc1 Bd6 21.
Be3 Nd5 22. Nc4 Nxe3 23. fxe3 Bg3 24. Re2 Qe7 25. Nd2 a6 26. Nce4 Bb8 27. Nc5
Bc8 28. b4 Ne6 29. Nf3 Ng5 30. Rf1 Qc7 31. Ne4 Nxe4 32. Bxe4 Qg3 33. Bh7+ Kh8
34. Bf5 Be6 35. Bxe6 Rxe6 36. Qf5 Rf6 37. Qg4 Qxg4 38. hxg4 Kg8 39. g5 hxg5 40.
Nxg5 Bh2+ 41. Kxh2 Rxf1 42. Ne4 Rd7 43. Rd2 Re7 44. Nc5 Rxe3 45. Nxb7 Rxa3 46.
Rc2 Rd1 47. Na5 Rxd4 48. Nxc6 Rdd3 49. Ne5 Rdc3 50. Rd2 f6 51. Ng6 Rc4 52. Rb2
Kf7 53. Nh8+ Ke6 54. Ng6 Ra4 55. b5 axb5 56. Rxb5 Rg4 57. Rb6+ Kf7 58. Nh8+ Kg8
59. Rb8+ Kh7 60. Kh3 Rgb4 61. Rd8 Ra2 62. Nf7 Rb7 63. Nd6 Rb3+ 64. g3 Rd3 65.
Nb7 Rxd8 66. Nxd8 g5 67. Nc6 Kg6 68. Ne7+ Kf7 69. Nf5 Ke6 70. Ng7+ Ke5 71. g4
Ra7 72. Nf5 Ra3+ 73. Kg2 Kf4 0-1

[Event "XXII Torneo di Capodanno"]
[Site "Reggio nell'Emilia ITA"]
[Date "1979.12.??"]
[Round "4"]
[White "Lengyel, Levente"]
[Black "Wagman, Stuart"]
[Result "1/2-1/2"]
[WhiteElo "2455"]
[BlackElo "2315"]
[PlyCount "85"]
[EventDate "1979.12.27"]

1. Nf3 Nf6 2. c4 g6 3. g3 Bg7 4. Bg2 O-O 5. O-O d6 6. d4 Nc6 7. Nc3 a6 8. d5
Na5 9. Nd2 c5 10. Qc2 Rb8 11. b3 b5 12. Bb2 e5 13. Rae1 Bd7 14. Nd1 bxc4 15.
bxc4 Rb4 16. Bc3 Ra4 17. Nb2 Rxa2 18. Ra1 Rxa1 19. Rxa1 Nb7 20. Rxa6 Qc7 21.
Qb3 Rb8 22. Qa2 Nd8 23. Nd3 Ne8 24. e4 f6 25. f4 Nf7 26. Bf3 Qc8 27. Ra7 Rb7
28. Bd1 Rxa7 29. Qxa7 Qc7 30. Qa1 Nh6 31. Nf2 Qc8 32. Qa7 Kf8 33. Nf3 Qc7 34.
Qa1 Nf7 35. Kg2 Bh6 36. Nd3 Qc8 37. Ng1 Nc7 38. Qa7 Ne8 39. h3 Qc7 40. Qa1 Qb7
41. Ne2 Nc7 42. Bc2 Qa6 43. Qxa6 1/2-1/2

[Event "XXII Torneo di Capodanno"]
[Site "Reggio nell'Emilia ITA"]
[Date "1979.12.??"]
[Round "5"]
[White "Chevaldonnet, Francois"]
[Black "Hess, Ralf Ernest"]
[WhiteElo "2345"]
[BlackElo "2335"]
[Result "1-0"]
[PlyCount "83"]
[EventDate "1979.12.27"]

1. e4 e5 2. Nf3 Nc6 3. Bb5 a6 4. Bxc6 bxc6 5. O-O Qf6 6. d4 exd4 7. Bg5 Qg6 8.
Qxd4 f6 9. Bf4 d6 10. Re1 Ne7 11. c4 c5 12. Qd3 Nc6 13. Qd5 Bb7 14. Qe6+ Be7
15. Nc3 Qf7 16. Qxf7+ Kxf7 17. Rad1 Rhe8 18. Nd5 Bd8 19. Re3 h5 20. Bg3 Bc8 21.
h3 Rb8 22. b3 Bd7 23. Kf1 Nb4 24. Nxb4 Rxb4 25. e5 Be7 26. exd6 cxd6 27. Bxd6
Be6 28. Bxe7 Rxe7 29. Rd6 a5 30. Rc6 a4 31. Rxc5 Rd7 32. Ke1 g5 33. h4 gxh4 34.
Rxh5 Kg6 35. Rxh4 Bf5 36. Rd4 Kf7 37. Rxd7+ Bxd7 38. Kd2 axb3 39. axb3 Rb8 40.
Kc3 Ra8 41. Nd4 Ra2 42. Re2 1-0

[Event "XXII Torneo di Capodanno"]
[Site "Reggio nell'Emilia ITA"]
[Date "1979.12.??"]
[Round "5"]
[White "Danner, Georg"]
[Black "Cramling, Dan"]
[WhiteElo "2335"]
[BlackElo "2355"]
[Result "1-0"]
[PlyCount "109"]
[EventDate "1979.12.27"]

1. d4 Nf6 2. c4 c5 3. d5 e6 4. Nc3 exd5 5. cxd5 d6 6. Nf3 g6 7. Nd2 Bg7 8. Nc4
O-O 9. Bg5 h6 10. Bh4 Na6 11. e3 Nc7 12. a4 b6 13. Be2 Ba6 14. O-O Qd7 15. b3
Rfe8 16. Qd3 Re7 17. h3 Rae8 18. Bf3 g5 19. Bg3 h5 20. Rad1 g4 21. hxg4 hxg4
22. Be2 Bxc4 23. bxc4 Na6 24. Rb1 Nb4 25. Qd2 Bh6 26. Qd1 Bg5 27. Nb5 Ne4 28.
Bxg4 f5 29. Bh3 Rh7 30. Qf3 Rf8 31. Qxe4 Rxh3 32. Qe6+ Qxe6 33. dxe6 Rxg3 34.
e7 Re8 35. Nxd6 Rxe7 36. Nxf5 Rg4 37. f4 Re4 38. fxg5 Rxg5 39. Rbd1 Re5 40.
Rd8+ Kh7 41. Rd7+ Kg6 42. Nh4+ Kh5 43. Nf3 Rxe3 44. Nxg5 Kxg5 45. Rxa7 Re4 46.
Rg7+ Kh6 47. Rg3 Rxc4 48. Rf6+ Kh5 49. Rxb6 Nd5 50. Rb8 Kh4 51. Rg7 Nf4 52. g3+
Kh3 53. gxf4 Rc1+ 54. Kf2 Rc2+ 55. Ke3 1-0

[Event "XXII Torneo di Capodanno"]
[Site "Reggio nell'Emilia ITA"]
[Date "1979.12.??"]
[Round "5"]
[White "Karaklajic, Nikola"]
[Black "Cappello, Renato"]
[Result "1-0"]
[WhiteElo "2460"]
[BlackElo "2405"]
[PlyCount "63"]
[EventDate "1979.12.27"]

1. e4 e5 2. Nf3 Nc6 3. Bc4 d6 4. c3 Bg4 5. h3 Bh5 6. d3 Nf6 7. g4 Bg6 8. h4 h5
9. g5 Nd7 10. Qe2 Nb6 11. Bb3 Be7 12. Nbd2 Qd7 13. Nf1 Na5 14. Bc2 f5 15. gxf6
gxf6 16. Rg1 Bf7 17. b4 Nc6 18. Bb3 d5 19. Ne3 O-O-O 20. Bb2 dxe4 21. dxe4 Bxb3
22. axb3 Nxb4 23. cxb4 Bxb4+ 24. Kf1 Qh3+ 25. Rg2 Qh1+ 26. Ng1 Qxh4 27. Nf5 Qh1
28. Ng3 Qh4 29. Bc1 Kb8 30. Nf5 Qh1 31. Be3 h4 32. f3 1-0

[Event "XXII Torneo di Capodanno"]
[Site "Reggio nell'Emilia ITA"]
[Date "1979.12.??"]
[Round "5"]
[White "Portisch, Ferenc"]
[Black "Kochyev, Alexander V."]
[WhiteElo "2475"]
[BlackElo "2545"]
[Result "1/2-1/2"]
[PlyCount "57"]
[EventDate "1979.12.27"]

1. d4 Nf6 2. c4 e6 3. Nc3 Bb4 4. e3 O-O 5. Bd3 d5 6. Nf3 b6 7. O-O Bb7 8. cxd5
exd5 9. Ne5 Bd6 10. Qc2 c5 11. Nb5 Be7 12. b3 a6 13. Nc3 Bd6 14. Bb2 b5 15. Be2
Qe7 16. Bf3 c4 17. a3 Nbd7 18. bxc4 Bxe5 19. dxe5 Nxe5 20. Bxd5 Nxc4 21. Bxb7
Qxb7 22. Ne2 Qe4 23. Rfc1 Nxb2 24. Qxb2 Rac8 25. Nd4 Nd5 26. Qb1 Qxb1 27. Raxb1
g6 28. Kf1 Nc3 29. Rb2 1/2-1/2

[Event "XXII Torneo di Capodanno"]
[Site "Reggio nell'Emilia ITA"]
[Date "1979.12.??"]
[Round "5"]
[White "Velikov, Petar V."]
[Black "Adamski, Jan"]
[Result "1/2-1/2"]
[WhiteElo "2440"]
[BlackElo "2415"]
[PlyCount "24"]
[EventDate "1979.12.27"]

1. c4 Nf6 2. Nc3 e6 3. Nf3 c5 4. g3 d5 5. cxd5 Nxd5 6. Bg2 Nc6 7. O-O Nf6 8. d3
Be7 9. Bf4 O-O 10. Rc1 Nd5 11. Nxd5 exd5 12. d4 c4 1/2-1/2

[Event "XXII Torneo di Capodanno"]
[Site "Reggio nell'Emilia ITA"]
[Date "1979.12.??"]
[Round "6"]
[White "Adamski, Jan"]
[Black "Kochyev, Alexander V."]
[WhiteElo "2415"]
[BlackElo "2545"]
[Result "1/2-1/2"]
[PlyCount "30"]
[EventDate "1979.12.27"]

1. c4 Nf6 2. Nf3 e6 3. g3 d5 4. Bg2 Be7 5. O-O O-O 6. b3 b6 7. Bb2 Bb7 8. cxd5
exd5 9. d4 c5 10. Nc3 Na6 11. Qc1 Ne4 12. dxc5 Nxc3 13. Bxc3 bxc5 14. e3 Bf6
15. Qd2 Bxc3 1/2-1/2

[Event "XXII Torneo di Capodanno"]
[Site "Reggio nell'Emilia ITA"]
[Date "1979.12.??"]
[Round "6"]
[White "Cappello, Renato"]
[Black "Portisch, Ferenc"]
[WhiteElo "2405"]
[BlackElo "2475"]
[Result "1/2-1/2"]
[PlyCount "78"]
[EventDate "1979.12.27"]

1. e4 e6 2. d4 d5 3. Nd2 c5 4. Ngf3 Nc6 5. Bb5 Bd6 6. O-O Nge7 7. exd5 exd5 8.
dxc5 Bxc5 9. Nb3 Bd6 10. Nbd4 O-O 11. b3 Bg4 12. Bb2 Qb6 13. Nxc6 bxc6 14. Be2
Rfe8 15. Qd2 Ng6 16. Rae1 Qb4 17. Bc3 Qf4 18. Qxf4 Nxf4 19. Bd1 c5 20. g3 Ne6
21. Kg2 d4 22. Bd2 Nc7 23. Ba5 Nd5 24. Nxd4 cxd4 25. Bxg4 Bb4 26. Bxb4 Nxb4 27.
Bf5 g6 28. a3 gxf5 29. Rxe8+ Rxe8 30. axb4 Rc8 31. Rd1 Rxc2 32. Rxd4 Rc3 33.
Kh3 Rxb3 34. f4 Rb2 35. Rd7 Rxb4 36. Rxa7 Kg7 37. Ra5 Kg6 38. Ra6+ f6 39. Ra2
Rb3 1/2-1/2

[Event "XXII Torneo di Capodanno"]
[Site "Reggio nell'Emilia ITA"]
[Date "1979.12.??"]
[Round "6"]
[White "Hess, Ralf Ernest"]
[Black "Danner, Georg"]
[Result "1-0"]
[WhiteElo "2335"]
[BlackElo "2335"]
[PlyCount "97"]
[EventDate "1979.12.27"]

1. d4 Nf6 2. c4 c5 3. d5 e6 4. Nc3 exd5 5. cxd5 d6 6. e4 g6 7. Bd3 Bg7 8. Nge2
O-O 9. O-O a6 10. a4 Qc7 11. Ng3 Nbd7 12. f4 c4 13. Bc2 Rb8 14. Be3 b5 15. axb5
axb5 16. h3 b4 17. Nce2 Nc5 18. Nd4 Bb7 19. Qf3 Nfd7 20. Rad1 b3 21. Bb1 Na4
22. Rf2 Ba6 23. e5 dxe5 24. Nc6 Bb7 25. Nxb8 Qxb8 26. f5 Nxb2 27. f6 Nxd1 28.
fxg7 Nxf2 29. gxf8=Q+ Qxf8 30. Bxf2 Qa8 31. Nf5 Kf8 32. Nd6 Bxd5 33. Be4 Qa1+
34. Kh2 Be6 35. Nxf7 Ke8 36. Bd5 Qa6 37. Ng5 Bxd5 38. Qxd5 b2 39. Bh4 b1=Q 40.
Qf7+ Kd8 41. Ne6+ Kc8 42. Qe8+ Kb7 43. Qxd7+ Kb8 44. Qc7+ Ka8 45. Qd8+ Ka7 46.
Bf2+ Qbb6 47. Qc7+ Qab7 48. Bxb6+ Ka6 49. Nc5+ 1-0

[Event "XXII Torneo di Capodanno"]
[Site "Reggio nell'Emilia ITA"]
[Date "1979.12.??"]
[Round "6"]
[White "Lengyel, Levente"]
[Black "Karaklajic, Nikola"]
[Result "1/2-1/2"]
[WhiteElo "2455"]
[BlackElo "2460"]
[PlyCount "123"]
[EventDate "1979.12.27"]

1. Nf3 d5 2. g3 c6 3. Bg2 Bg4 4. d3 Nd7 5. O-O Ngf6 6. c4 Bxf3 7. exf3 e6 8. f4
Be7 9. Qc2 O-O 10. b3 a5 11. a3 Nc5 12. d4 Ncd7 13. Nc3 g6 14. Bb2 Ne8 15. Nd1
Nd6 16. Ne3 Bf6 17. Rfd1 Bg7 18. c5 Nf5 19. Nxf5 exf5 20. Re1 Re8 21. Rxe8+
Qxe8 22. Bc3 Nf8 23. Qd2 Ne6 24. Rd1 Qd8 25. h4 h5 26. Qb2 Kh7 27. b4 axb4 28.
Qxb4 Ra7 29. a4 Bf6 30. a5 Qa8 31. Ra1 Qh8 32. Ra4 Bd8 33. Bf1 Bc7 34. Ra1 Qd8
35. Bd2 Ra8 36. Bc3 Rb8 37. Qb2 Nf8 38. Bd2 Nd7 39. Bc3 Nf6 40. f3 Nd7 41. Bd2
Nf8 42. Bc3 Ne6 43. Qd2 Ra8 44. Ra2 Qb8 45. Ra1 Qa7 46. Bd3 Bd8 47. Kh1 Bf6 48.
Bf1 Re8 49. Rb1 Re7 50. Rb6 Qa8 51. Qb2 Qc8 52. Rb4 Nd8 53. Bd2 Qc7 54. Rb3 Qd7
55. Rd3 Qe8 56. Qc1 Ne6 57. Bc3 Nc7 58. Bd2 Nb5 59. Be3 Qh8 60. Qd2 Nc7 61. Bf2
Ne6 62. Qb4 1/2-1/2

[Event "XXII Torneo di Capodanno"]
[Site "Reggio nell'Emilia ITA"]
[Date "1979.12.??"]
[Round "6"]
[White "Velikov, Petar V."]
[Black "Chevaldonnet, Francois"]
[Result "1-0"]
[WhiteElo "2440"]
[BlackElo "2345"]
[PlyCount "99"]
[EventDate "1979.12.27"]

1. c4 Nf6 2. Nc3 g6 3. g3 Bg7 4. Bg2 O-O 5. e3 d6 6. Nge2 e5 7. O-O c6 8. d4
exd4 9. Nxd4 Qa5 10. h3 Nbd7 11. Bd2 Qc7 12. Rc1 Re8 13. Qc2 a5 14. Rfe1 Nc5
15. b3 Qe7 16. Rcd1 Nce4 17. Nxe4 Nxe4 18. Bc1 a4 19. Kh2 axb3 20. axb3 Qe5 21.
Qxe4 Qxe4 22. Bxe4 Rxe4 23. Ne2 Bf8 24. Bb2 Re8 25. Ra1 Be6 26. Nd4 Bg7 27. Bc3
Bxd4 28. Bxd4 d5 29. c5 Bf5 30. g4 Bc2 31. b4 Bd3 32. Kg3 Rxa1 33. Rxa1 Ba6 34.
Kf4 h6 35. h4 f6 36. Bxf6 Re4+ 37. Kf3 Rxb4 38. Bd4 Kf7 39. Kg3 Rc4 40. f4 Rc2
41. Rb1 Re2 42. f5 Rc2 43. fxg6+ Kxg6 44. h5+ Kf7 45. Rg1 Bd3 46. Kf4 Rf2+ 47.
Kg3 Ra2 48. Be5 Be4 49. Rf1+ Ke6 50. Bd4 $139 1-0

[Event "XXII Torneo di Capodanno"]
[Site "Reggio nell'Emilia ITA"]
[Date "1979.12.??"]
[Round "7"]
[White "Chevaldonnet, Francois"]
[Black "Adamski, Jan"]
[Result "1-0"]
[WhiteElo "2345"]
[BlackElo "2415"]
[PlyCount "72"]
[EventDate "1979.12.27"]

1. e4 c5 2. Nf3 e6 3. d4 cxd4 4. Nxd4 a6 5. c4 Nf6 6. Nc3 Qc7 7. a3 b6 8. Bd3
Bb7 9. O-O Be7 10. Qe2 d6 11. f4 O-O 12. Kh1 Nc6 13. Nxc6 Bxc6 14. e5 Nd7 15.
exd6 Bxd6 16. Ne4 Bxe4 17. Bxe4 Rae8 18. Bd2 f5 19. Bf3 e5 20. Bd5+ Kh8 21.
fxe5 Bxe5 22. Rae1 Qd8 23. Qf2 Nc5 24. Re3 Ne4 25. Qe1 Bxb2 26. Bb4 Rf6 27. g4
a5 28. g5 Rg6 29. Rxf5 axb4 30. axb4 Bc3 31. Qe2 Bxb4 32. Rxe4 Rxe4 33. Qxe4
Bd6 34. h4 Bc7 35. h5 Rd6 36. Qf3 36... Rf6 $139 1-0